000 00673cam a22002533a 4500
001 30243
003 PGUSA
005 20140828083643.0
008 091013s2009||||xxu|||||s|||||000 | eng d
040 _aPGUSA
_beng
042 _adc
050 4 _aPR
100 1 _aPaul, John Dean,
_cSir,
_d1775-1852
245 1 0 _aABC of Fox Hunting
_h[electronic resource] /
_cJohn Dean, Paul
260 _bProject Gutenberg,
_c2009
506 _aPublic domain in the USA.
516 _aElectronic text
653 _aFox hunting
653 _aHorses
653 _aAlphabets
830 0 _aProject Gutenberg
_v30243
856 4 0 _uhttp://www.gutenberg.org/ebooks/30243
942 _cEB
999 _c259498
_d259498